Přiveď mě zpátky /

Hlavní autor: Paris, B. A.
Další autoři: Medková, Karolina, Dočkalová, Tereza, 1988-, Pechlát, Martin, 1974-
Jazyk: Čeština
Vydáno: Praha : Motto, [2019]
Témata:
Fyzický popis: 1 audiodisk (8 hod., 8 min., 55 sek.) ; 12 cm
Zvukové nahrávky
Uloženo v:
LEADER 01999nim a2200553 i 4500
001 001724613
003 CZ BrMZK
005 20200528084228.0
007 sd fungnnmmned
008 200109t20192019xr ||nne f n cze
015 |a cnb003102319 
024 3 |a 8594050427426 
040 |a BOA001  |b cze  |e rda 
041 1 |d cze  |h eng 
072 7 |a 821.111-3  |x Anglická próza, anglicky psaná  |2 Konspekt  |9 25 
080 |a 821.111-31  |2 MRF 
080 |a (0:82-311.1)  |2 MRF 
080 |a (0:82-312.4)  |2 MRF 
080 |a (086.7)08  |2 MRF 
080 |a (086.76)  |2 MRF 
100 1 |a Paris, B. A.  |7 ola2017954767  |4 aut 
240 1 0 |a Bring me back.  |l Česky 
245 1 0 |a Přiveď mě zpátky /  |c B.A. Paris ; z anglického originálu Bring me back přeložila Karolina Medková 
264 1 |a Praha :  |b Motto,  |c [2019] 
264 4 |c ©2019 
300 |a 1 audiodisk (8 hod., 8 min., 55 sek.) ;  |c 12 cm 
306 |a 080855 
336 |a mluvené slovo  |b spw  |2 rdacontent 
337 |a audio  |b s  |2 rdamedia 
338 |a audiodisk  |b sd  |2 rdacarrier 
344 |a digital  |b optical  |2 rda 
347 |a audio soubor  |b MP3  |2 rda 
500 |a Název z disku 
500 |a Copyright Albatros Media 
500 |a Nezkrácená audiokniha ve formátu MP3 
500 |a Podle stejnojmenné knihy vydané nakladatelstvím Motto v roce 2019 
511 0 |a Čtou Tereza Dočkalová a Martin Pechlát 
655 7 |a anglické romány  |7 fd131814  |2 czenas 
655 7 |a psychologické romány  |7 fd278579  |2 czenas 
655 7 |a thrillery (romány)  |7 fd184206  |2 czenas 
655 7 |a audioknihy  |7 fd119452  |2 czenas 
655 7 |a kompaktní disky  |7 fd201991  |2 czenas 
700 1 |a Medková, Karolina  |7 xx0126769  |4 trl 
700 1 |a Dočkalová, Tereza,  |d 1988-  |7 osa2012691423  |4 nrt 
700 1 |a Pechlát, Martin,  |d 1974-  |7 js20100412002  |4 nrt 
910 |a BOA001  |b CDR-1443.604 
990 |a AV 
991 |b 202005  |c NOV 
996 6 |b 2610814555  |c CDR-1443.604  |l MZK  |r Sklad / do 24 hodin  |n 3  |p p.v.  |w 001781908  |u 000010  |a 1  |e BOA001  |j MZK50  |s P